Online Catalogue and eLibrary

Kalach chalaram (Record no. 4142)

MARC details
000 -LEADER
fixed length control field 00365nam a2200145Ia 4500
005 - DATE AND TIME OF LATEST TRANSACTION
control field 20250403070137.0
008 - FIXED-LENGTH DATA ELEMENTS--GENERAL INFORMATION
fixed length control field 240331s9999 xx 000 0 und d
082 ## - DDC Classification
Item Number - Author Mark SRI
Class No. 894
100 ## - MAIN ENTRY--PERSONAL NAME
Personal name Sri Kanthan, R
245 #0 - TITLE STATEMENT
Title Kalach chalaram
260 ## - PUBLICATION, DISTRIBUTION, ETC.
Place of publication, distribution, etc. Colombo
Name of publisher, distributor, etc. Eluthaalar Kooduravu pathippagam
Date of publication, distribution, etc. 1994
300 ## - PHYSICAL DESCRIPTION
Extent (e.g. Volumes, Pages etc.) 85 p .,
500 ## - GENERAL NOTE
General note Sirukadhai Thoguppu
942 ## - Koha item type (Biblio)
Koha item type Books in Stacks (Lending)
Holdings
Lost status Damaged status Collection code Home library Current library Shelving location Date acquired Full call number Accession Number Item type
    Lending WERC Library WERC Library Social Science Cupboard 03/31/2024 894.811 SRI 5027 Books in Stacks (Lending)

© WERC Library